Biên độ của trí tưởng tượng: Phê bình tiểu luận

Wedi'i Gadw mewn:
Manylion Llyfryddiaeth
Prif Awdur: Đông La
Fformat: Llyfr
Iaith:Undetermined
Cyhoeddwyd: Hà Nội Văn Học 2001
Pynciau:
Tagiau: Ychwanegu Tag
Dim Tagiau, Byddwch y cyntaf i dagio'r cofnod hwn!
Thư viện lưu trữ: Trung tâm Học liệu Trường Đại học Cần Thơ
LEADER 00573nam a2200193Ia 4500
001 CTU_41876
008 210402s9999 xx 000 0 und d
020 |b 39.000đ 
082 |a 809 
082 |b Đ455 
100 |a Đông La 
245 0 |a Biên độ của trí tưởng tượng: Phê bình tiểu luận 
245 0 |c Đông La 
260 |a Hà Nội 
260 |b Văn Học 
260 |c 2001 
650 |a vietnamese literature - history and criticism 
904 |i Minh, 010615 
980 |a Trung tâm Học liệu Trường Đại học Cần Thơ